[Event "DEM U16 2025"]
[Site "Willingen GER"]
[Date "2025.06.08"]
[Round "1"]
[White "Schwitkowski, Luka"]
[Black "Korchynskyi, Mykola"]
[Result "0-1"]
[Termination "normal"]
[Board "1"]
[BlackTitle "FM"]
[WhiteElo "2129"]
[BlackElo "2335"]
[WhiteClock "00:30:28"]
[BlackClock "00:04:10"]
[PlyCount "71"]
[WhiteFideId "34610669"]
[BlackFideId "34138005"]
[EventCountry "GER"]
[EventRounds "9"]
[EventType "swiss"]
[EventDate "2025.06.07"]

1. e4 {[%clk 01:30:54]} {[%emt 00:00:05]} e6 {[%clk 01:30:53]} {[%emt
00:00:08]} 2. d4 {[%clk 01:31:01]} {[%emt 00:00:23]} d5 {[%clk 01:28:55]}
{[%emt 00:02:28]} 3. e5 {[%clk 01:30:56]} {[%emt 00:00:34]} c5 {[%clk
01:29:22]} {[%emt 00:00:04]} 4. c3 {[%clk 01:31:24]} {[%emt 00:00:03]} Nc6
{[%clk 01:29:48]} {[%emt 00:00:03]} 5. Nf3 {[%clk 01:31:49]} {[%emt 00:00:04]}
Qc7 {[%clk 01:30:16]} {[%emt 00:00:04]} 6. Be2 {[%clk 01:19:47]} {[%emt
00:12:30]} f6 {[%clk 01:29:11]} {[%emt 00:01:36]} 7. O-O {[%clk 00:48:29]}
{[%emt 00:31:48]} fxe5 {[%clk 01:29:30]} {[%emt 00:00:11]} 8. Nxe5 {[%clk
00:48:52]} {[%emt 00:00:06]} Bd6 {[%clk 01:28:32]} {[%emt 00:01:28]} 9. Na3
{[%clk 00:26:05]} {[%emt 00:23:17]} a6 {[%clk 01:27:37]} {[%emt 00:01:26]} 10.
Qa4 {[%clk 00:24:11]} {[%emt 00:02:23]} Bxe5 {[%clk 01:17:04]} {[%emt
00:11:04]} 11. dxe5 {[%clk 00:24:34]} {[%emt 00:00:06]} Qxe5 {[%clk 01:16:48]}
{[%emt 00:00:47]} 12. Re1 {[%clk 00:20:58]} {[%emt 00:04:05]} Nf6 {[%clk
01:06:06]} {[%emt 00:11:12]} 13. Bf4 {[%clk 00:19:12]} {[%emt 00:02:17]} Qf5
{[%clk 01:02:12]} {[%emt 00:04:24]} 14. Bf3 {[%clk 00:05:06]} {[%emt 00:14:36]}
O-O {[%clk 00:58:30]} {[%emt 00:04:12]} 15. Bd6 {[%clk 00:04:52]} {[%emt
00:00:43]} Rf7 {[%clk 00:58:34]} {[%emt 00:00:26]} 16. Bxc5 {[%clk 00:05:13]}
{[%emt 00:00:10]} Ne5 {[%clk 00:55:39]} {[%emt 00:03:23]} 17. Be2 {[%clk
00:03:56]} {[%emt 00:01:48]} Bd7 {[%clk 00:55:40]} {[%emt 00:00:30]} 18. Qc2
{[%clk 00:03:55]} {[%emt 00:00:30]} Ne4 {[%clk 00:47:55]} {[%emt 00:08:14]} 19.
Bd4 {[%clk 00:03:57]} {[%emt 00:00:30]} Qg5 {[%clk 00:46:37]} {[%emt 00:01:46]}
20. Qc1 {[%clk 00:03:28]} {[%emt 00:01:00]} Qf5 {[%clk 00:36:28]} {[%emt
00:10:38]} 21. f3 {[%clk 00:03:04]} {[%emt 00:00:55]} Nf6 {[%clk 00:35:33]}
{[%emt 00:01:24]} 22. Bxe5 {[%clk 00:02:13]} {[%emt 00:01:23]} Qxe5 {[%clk
00:35:52]} {[%emt 00:00:11]} 23. Bxa6 {[%clk 00:02:35]} {[%emt 00:00:07]} Qd6
{[%clk 00:29:47]} {[%emt 00:06:35]} 24. Bf1 {[%clk 00:02:44]} {[%emt 00:00:21]}
e5 {[%clk 00:26:09]} {[%emt 00:04:08]} 25. Qd2 {[%clk 00:02:39]} {[%emt
00:00:36]} e4 {[%clk 00:24:55]} {[%emt 00:01:44]} 26. Nc2 {[%clk 00:01:51]}
{[%emt 00:01:18]} exf3 {[%clk 00:23:28]} {[%emt 00:01:56]} 27. gxf3 {[%clk
00:02:20]} Nh5 {[%clk 00:23:04]} {[%emt 00:00:54]} 28. Nd4 {[%clk 00:02:49]}
{[%emt 00:00:02]} Nf4 {[%clk 00:21:09]} {[%emt 00:02:24]} 29. Kh1 {[%clk
00:03:05]} {[%emt 00:00:14]} Raf8 {[%clk 00:20:03]} {[%emt 00:01:36]} 30. Re3
{[%clk 00:03:08]} {[%emt 00:00:27]} Rf6 {[%clk 00:15:55]} {[%emt 00:04:39]} 31.
Rae1 {[%clk 00:02:47]} {[%emt 00:00:51]} Rh6 {[%clk 00:15:54]} {[%emt
00:00:30]} 32. Re5 {[%clk 00:02:25]} {[%emt 00:00:48]} Qg6 {[%clk 00:12:07]}
{[%emt 00:04:20]} 33. Re7 {[%clk 00:01:27]} {[%emt 00:01:30]} Bc8 {[%clk
00:06:57]} {[%emt 00:05:40]} 34. Qc2 {[%clk 00:00:35]} {[%emt 00:01:22]} Qh5
{[%clk 00:06:37]} {[%emt 00:00:50]} 35. Qf2 {[%clk 00:00:47]} {[%emt 00:00:18]}
Bh3 {[%clk 00:04:10]} {[%emt 00:02:57]} 36. R7e5 {[%clk 00:30:28]} {[%emt
00:00:49]} 0-1

[Event "DEM U16 2025"]
[Site "Willingen GER"]
[Date "2025.06.08"]
[Round "1"]
[White "Schuricht, Emil Frederick"]
[Black "Riechenberg, Sebastian"]
[Result "1-0"]
[Termination "normal"]
[Board "2"]
[WhiteTitle "FM"]
[WhiteElo "2328"]
[BlackElo "2101"]
[WhiteClock "00:03:26"]
[BlackClock "00:11:02"]
[PlyCount "81"]
[WhiteFideId "16270185"]
[BlackFideId "34605231"]
[EventCountry "GER"]
[EventRounds "9"]
[EventType "swiss"]
[EventDate "2025.06.07"]

1. c4 {[%clk 01:30:56]} {[%emt 00:00:03]} Nf6 {[%clk 01:30:11]} {[%emt
00:00:50]} 2. Nf3 {[%clk 01:31:15]} {[%emt 00:00:11]} e6 {[%clk 01:30:24]}
{[%emt 00:00:17]} 3. g3 {[%clk 01:31:28]} {[%emt 00:00:16]} d5 {[%clk
01:27:32]} {[%emt 00:03:21]} 4. Bg2 {[%clk 01:31:03]} {[%emt 00:00:56]} Be7
{[%clk 01:26:38]} {[%emt 00:01:24]} 5. O-O {[%clk 01:31:20]} {[%emt 00:00:13]}
O-O {[%clk 01:26:48]} {[%emt 00:00:21]} 6. b3 {[%clk 01:31:34]} {[%emt
00:00:16]} a5 {[%clk 01:26:55]} {[%emt 00:00:23]} 7. Nc3 {[%clk 01:14:52]}
{[%emt 00:17:11]} c6 {[%clk 01:21:34]} {[%emt 00:05:51]} 8. d4 {[%clk
01:13:47]} {[%emt 00:01:35]} b6 {[%clk 01:19:31]} {[%emt 00:02:33]} 9. Qc2
{[%clk 01:03:33]} {[%emt 00:10:45]} Ba6 {[%clk 01:10:25]} {[%emt 00:09:36]} 10.
Rd1 {[%clk 00:53:26]} {[%emt 00:10:37]} dxc4 {[%clk 01:03:45]} {[%emt
00:07:11]} 11. bxc4 {[%clk 00:46:57]} {[%emt 00:06:59]} Bxc4 {[%clk 01:03:26]}
{[%emt 00:00:49]} 12. Ne5 {[%clk 00:46:48]} {[%emt 00:00:39]} Ba6 {[%clk
01:03:35]} {[%emt 00:00:21]} 13. Bxc6 {[%clk 00:38:57]} {[%emt 00:08:20]} Nxc6
{[%clk 01:02:22]} {[%emt 00:01:43]} 14. Nxc6 {[%clk 00:39:22]} {[%emt
00:00:06]} Qc7 {[%clk 01:01:58]} {[%emt 00:00:54]} 15. Nxe7+ {[%clk 00:38:58]}
{[%emt 00:00:53]} Qxe7 {[%clk 01:02:05]} {[%emt 00:00:24]} 16. Rb1 {[%clk
00:32:49]} {[%emt 00:06:40]} Nd5 {[%clk 00:31:30]} {[%emt 00:31:04]} 17. Nxd5
{[%clk 00:28:34]} {[%emt 00:04:45]} exd5 {[%clk 00:31:27]} {[%emt 00:00:33]}
18. Rxb6 {[%clk 00:27:49]} {[%emt 00:01:15]} Rac8 {[%clk 00:28:56]} {[%emt
00:03:01]} 19. Qd2 {[%clk 00:25:37]} {[%emt 00:02:42]} Qxe2 {[%clk 00:29:07]}
{[%emt 00:00:20]} 20. Re1 {[%clk 00:24:24]} {[%emt 00:01:42]} Qxd2 {[%clk
00:24:08]} {[%emt 00:05:29]} 21. Bxd2 {[%clk 00:24:46]} {[%emt 00:00:08]} Bc4
{[%clk 00:22:57]} {[%emt 00:01:42]} 22. a4 {[%clk 00:24:23]} {[%emt 00:00:53]}
Ra8 {[%clk 00:19:23]} {[%emt 00:04:03]} 23. Re7 {[%clk 00:23:23]} {[%emt
00:01:30]} h6 {[%clk 00:19:33]} {[%emt 00:00:20]} 24. Rbb7 {[%clk 00:19:20]}
{[%emt 00:04:34]} Bd3 {[%clk 00:16:34]} {[%emt 00:03:28]} 25. Rec7 {[%clk
00:18:23]} {[%emt 00:01:27]} Be2 {[%clk 00:14:48]} {[%emt 00:02:16]} 26. Rc5
{[%clk 00:13:57]} {[%emt 00:04:56]} Bd1 {[%clk 00:12:50]} {[%emt 00:02:29]} 27.
Bxa5 {[%clk 00:12:43]} {[%emt 00:01:44]} Bxa4 {[%clk 00:12:01]} {[%emt
00:01:18]} 28. Rb4 {[%clk 00:12:25]} {[%emt 00:00:48]} Bd1 {[%clk 00:11:09]}
{[%emt 00:01:22]} 29. Rxd5 {[%clk 00:09:35]} {[%emt 00:03:20]} Bf3 {[%clk
00:11:34]} {[%emt 00:00:05]} 30. Rf5 {[%clk 00:09:48]} {[%emt 00:00:16]} Rfc8
{[%clk 00:11:37]} {[%emt 00:00:27]} 31. Rxf3 {[%clk 00:09:52]} {[%emt
00:00:25]} Rxa5 {[%clk 00:12:04]} {[%emt 00:00:04]} 32. Rb7 {[%clk 00:08:08]}
{[%emt 00:02:14]} f6 {[%clk 00:11:54]} {[%emt 00:00:40]} 33. Re3 {[%clk
00:06:42]} {[%emt 00:01:56]} Rd8 {[%clk 00:10:48]} {[%emt 00:01:36]} 34. Ree7
{[%clk 00:07:03]} {[%emt 00:00:09]} Rg5 {[%clk 00:11:14]} {[%emt 00:00:04]} 35.
f4 {[%clk 00:06:31]} {[%emt 00:01:01]} Rg4 {[%clk 00:11:36]} {[%emt 00:00:09]}
36. Kf2 {[%clk 00:03:43]} {[%emt 00:03:18]} Rxd4 {[%clk 00:11:36]} {[%emt
00:00:30]} 37. h3 {[%clk 00:03:52]} {[%emt 00:00:20]} Rg6 {[%clk 00:10:25]}
{[%emt 00:01:42]} 38. Re8+ {[%clk 00:04:02]} {[%emt 00:00:21]} Kh7 {[%clk
00:10:49]} {[%emt 00:00:05]} 39. Rbb8 {[%clk 00:04:08]} {[%emt 00:00:24]} Rd2+
{[%clk 00:10:41]} {[%emt 00:00:38]} 40. Ke1 {[%clk 00:04:28]} {[%emt 00:00:10]}
Rxg3 {[%clk 00:11:02]} {[%emt 00:00:09]} 41. f5 {[%clk 00:03:26]} {[%emt
00:01:32]} 1-0

[Event "DEM U16 2025"]
[Site "Willingen GER"]
[Date "2025.06.08"]
[Round "1"]
[White "Burkart, Lloyd Shang"]
[Black "Atoyan, Alberto"]
[Result "0-1"]
[Termination "normal"]
[Board "3"]
[BlackTitle "CM"]
[WhiteElo "2082"]
[BlackElo "2266"]
[WhiteClock "00:21:01"]
[BlackClock "00:27:47"]
[PlyCount "92"]
[WhiteFideId "16239059"]
[BlackFideId "13314831"]
[EventCountry "GER"]
[EventRounds "9"]
[EventType "swiss"]
[EventDate "2025.06.07"]

1. c4 {[%clk 01:30:43]} {[%emt 00:00:15]} e6 {[%clk 01:30:45]} {[%emt
00:00:16]} 2. g3 {[%clk 01:31:02]} {[%emt 00:00:10]} d5 {[%clk 01:31:04]}
{[%emt 00:00:12]} 3. Bg2 {[%clk 01:31:22]} {[%emt 00:00:10]} Nf6 {[%clk
01:31:17]} {[%emt 00:00:16]} 4. Nf3 {[%clk 01:31:31]} {[%emt 00:00:21]} Nc6
{[%clk 01:31:01]} {[%emt 00:00:47]} 5. O-O {[%clk 01:26:53]} {[%emt 00:05:08]}
d4 {[%clk 01:27:14]} {[%emt 00:04:16]} 6. d3 {[%clk 01:22:48]} {[%emt
00:04:35]} Be7 {[%clk 01:23:13]} {[%emt 00:04:32]} 7. Na3 {[%clk 01:04:13]}
{[%emt 00:19:05]} O-O {[%clk 01:20:16]} {[%emt 00:03:26]} 8. Nc2 {[%clk
01:04:00]} {[%emt 00:00:44]} a5 {[%clk 01:19:47]} {[%emt 00:00:58]} 9. Bg5
{[%clk 00:54:18]} {[%emt 00:10:11]} e5 {[%clk 01:16:51]} {[%emt 00:03:27]} 10.
Bxf6 {[%clk 00:52:47]} {[%emt 00:02:01]} Bxf6 {[%clk 01:17:14]} {[%emt
00:00:08]} 11. b3 {[%clk 00:52:40]} {[%emt 00:00:38]} e4 {[%clk 01:04:20]}
{[%emt 00:13:23]} 12. Nd2 {[%clk 00:39:54]} {[%emt 00:13:15]} e3 {[%clk
00:59:18]} {[%emt 00:05:33]} 13. Ne4 {[%clk 00:39:19]} {[%emt 00:01:04]} exf2+
{[%clk 00:56:50]} {[%emt 00:02:58]} 14. Rxf2 {[%clk 00:39:25]} {[%emt
00:00:24]} Be7 {[%clk 00:54:37]} {[%emt 00:02:43]} 15. a3 {[%clk 00:34:49]}
{[%emt 00:05:06]} Ne5 {[%clk 00:39:59]} {[%emt 00:15:09]} 16. Rf1 {[%clk
00:30:02]} {[%emt 00:05:17]} Ra6 {[%clk 00:37:24]} {[%emt 00:03:06]} 17. b4
{[%clk 00:28:34]} {[%emt 00:01:57]} Rh6 {[%clk 00:33:32]} {[%emt 00:04:22]} 18.
Nd2 {[%clk 00:23:22]} {[%emt 00:05:42]} b6 {[%clk 00:20:11]} {[%emt 00:13:51]}
19. Nf3 {[%clk 00:17:47]} {[%emt 00:06:03]} Nxf3+ {[%clk 00:18:09]} {[%emt
00:02:33]} 20. exf3 {[%clk 00:17:52]} {[%emt 00:00:25]} Bb7 {[%clk 00:15:42]}
{[%emt 00:02:58]} 21. Qd2 {[%clk 00:17:04]} {[%emt 00:01:18]} c5 {[%clk
00:04:50]} {[%emt 00:11:22]} 22. Rab1 {[%clk 00:15:21]} {[%emt 00:02:12]} axb4
{[%clk 00:03:59]} {[%emt 00:01:22]} 23. axb4 {[%clk 00:15:45]} {[%emt
00:00:06]} Qd7 {[%clk 00:04:09]} {[%emt 00:00:20]} 24. Rfe1 {[%clk 00:12:35]}
{[%emt 00:03:40]} Bd6 {[%clk 00:03:59]} {[%emt 00:00:41]} 25. bxc5 {[%clk
00:09:09]} {[%emt 00:03:57]} bxc5 {[%clk 00:04:20]} {[%emt 00:00:08]} 26. f4
{[%clk 00:09:03]} {[%emt 00:00:35]} Bxg2 {[%clk 00:04:25]} {[%emt 00:00:26]}
27. Qxg2 {[%clk 00:09:27]} {[%emt 00:00:06]} Bxf4 {[%clk 00:03:57]} {[%emt
00:00:58]} 28. Rb7 {[%clk 00:03:34]} {[%emt 00:06:22]} Qc8 {[%clk 00:03:07]}
{[%emt 00:01:21]} 29. Rb5 {[%clk 00:01:53]} {[%emt 00:02:11]} Bd6 {[%clk
00:03:18]} {[%emt 00:00:18]} 30. Qe2 {[%clk 00:00:32]} {[%emt 00:01:50]} Re6
{[%clk 00:02:17]} {[%emt 00:01:31]} 31. Qf2 {[%clk 00:00:45]} {[%emt 00:00:16]}
Rfe8 {[%clk 00:02:03]} {[%emt 00:00:45]} 32. Rbb1 {[%clk 00:00:40]} {[%emt
00:00:35]} h5 {[%clk 00:02:25]} {[%emt 00:00:08]} 33. Rxe6 {[%clk 00:00:48]}
{[%emt 00:00:22]} Rxe6 {[%clk 00:02:45]} {[%emt 00:00:09]} 34. Re1 {[%clk
00:00:37]} {[%emt 00:00:41]} Rg6 {[%clk 00:02:19]} {[%emt 00:00:57]} 35. Rf1
{[%clk 00:00:33]} {[%emt 00:00:34]} Qc7 {[%clk 00:02:11]} {[%emt 00:00:38]} 36.
Re1 {[%clk 00:00:32]} {[%emt 00:00:31]} Qc8 {[%clk 00:01:14]} {[%emt 00:01:27]}
37. Kh1 {[%clk 00:00:33]} {[%emt 00:00:30]} h4 {[%clk 00:01:30]} {[%emt
00:00:14]} 38. gxh4 {[%clk 00:00:31]} {[%emt 00:00:32]} Qh3 {[%clk 00:01:16]}
{[%emt 00:00:44]} 39. Rg1 {[%clk 00:00:32]} {[%emt 00:00:29]} Qxd3 {[%clk
00:01:12]} {[%emt 00:00:33]} 40. Rxg6 {[%clk 00:00:49]} {[%emt 00:00:12]} Qxg6
{[%clk 00:01:14]} {[%emt 00:00:29]} 41. Qg2 {[%clk 00:23:42]} {[%emt 00:07:36]}
Qd3 {[%clk 00:30:09]} {[%emt 00:01:35]} 42. Ne1 {[%clk 00:20:18]} {[%emt
00:03:54]} Qxc4 {[%clk 00:28:32]} {[%emt 00:02:08]} 43. h5 {[%clk 00:20:38]}
{[%emt 00:00:09]} Qc1 {[%clk 00:27:43]} {[%emt 00:01:19]} 44. Qa8+ {[%clk
00:20:35]} {[%emt 00:00:34]} Bf8 {[%clk 00:28:02]} {[%emt 00:00:11]} 45. Qe4
{[%clk 00:20:38]} {[%emt 00:00:27]} d3 {[%clk 00:27:34]} {[%emt 00:00:58]} 46.
h6 {[%clk 00:21:01]} {[%emt 00:00:07]} d2 {[%clk 00:27:47]} {[%emt 00:00:16]}
0-1

[Event "DEM U16 2025"]
[Site "Willingen GER"]
[Date "2025.06.08"]
[Round "1"]
[White "Klaska, Philipp Leon"]
[Black "Blodig, Vincent"]
[Result "1-0"]
[Termination "normal"]
[Board "4"]
[WhiteTitle "FM"]
[WhiteElo "2248"]
[BlackElo "2129"]
[WhiteClock "00:07:06"]
[BlackClock "00:01:08"]
[PlyCount "59"]
[WhiteFideId "16238044"]
[BlackFideId "16297857"]
[EventCountry "GER"]
[EventRounds "9"]
[EventType "swiss"]
[EventDate "2025.06.07"]

1. d4 {[%clk 01:30:50]} {[%emt 00:00:10]} Nf6 {[%clk 01:30:55]} {[%emt
00:00:06]} 2. Nc3 {[%clk 01:30:31]} {[%emt 00:00:50]} d5 {[%clk 01:31:20]}
{[%emt 00:00:06]} 3. Bf4 {[%clk 01:30:39]} {[%emt 00:00:22]} a6 {[%clk
01:31:44]} {[%emt 00:00:06]} 4. e3 {[%clk 01:30:25]} {[%emt 00:00:44]} h6
{[%clk 01:32:07]} {[%emt 00:00:06]} 5. Nf3 {[%clk 01:29:40]} {[%emt 00:01:17]}
e6 {[%clk 01:32:29]} {[%emt 00:00:09]} 6. Ne5 {[%clk 01:23:30]} {[%emt
00:06:51]} Nbd7 {[%clk 01:27:47]} {[%emt 00:05:18]} 7. Be2 {[%clk 01:14:12]}
{[%emt 00:09:52]} c5 {[%clk 01:25:26]} {[%emt 00:02:55]} 8. O-O {[%clk
01:11:34]} {[%emt 00:03:14]} Be7 {[%clk 01:25:30]} {[%emt 00:00:27]} 9. Na4
{[%clk 00:59:12]} {[%emt 00:13:19]} O-O {[%clk 01:15:24]} {[%emt 00:10:53]} 10.
Nxd7 {[%clk 00:54:49]} {[%emt 00:05:03]} Nxd7 {[%clk 01:15:08]} {[%emt
00:00:47]} 11. c4 {[%clk 00:51:13]} {[%emt 00:04:13]} cxd4 {[%clk 01:11:41]}
{[%emt 00:04:03]} 12. Qxd4 {[%clk 00:40:10]} {[%emt 00:11:34]} Bf6 {[%clk
01:10:23]} {[%emt 00:01:50]} 13. Qd2 {[%clk 00:39:42]} {[%emt 00:01:00]} dxc4
{[%clk 01:03:49]} {[%emt 00:07:17]} 14. Rfd1 {[%clk 00:34:18]} {[%emt
00:06:05]} b5 {[%clk 00:54:44]} {[%emt 00:09:52]} 15. Nc3 {[%clk 00:34:36]}
{[%emt 00:00:11]} Qb6 {[%clk 00:51:27]} {[%emt 00:03:54]} 16. a4 {[%clk
00:27:59]} {[%emt 00:07:12]} Bxc3 {[%clk 00:36:22]} {[%emt 00:16:02]} 17. Qxc3
{[%clk 00:25:48]} {[%emt 00:02:49]} e5 {[%clk 00:25:01]} {[%emt 00:12:13]} 18.
Bg3 {[%clk 00:20:13]} {[%emt 00:06:18]} Rb8 {[%clk 00:17:26]} {[%emt 00:08:18]}
19. axb5 {[%clk 00:17:24]} {[%emt 00:03:20]} axb5 {[%clk 00:15:12]} {[%emt
00:02:49]} 20. Qb4 {[%clk 00:14:46]} {[%emt 00:03:12]} f6 {[%clk 00:12:16]}
{[%emt 00:03:33]} 21. Rd5 {[%clk 00:15:05]} {[%emt 00:00:10]} Rd8 {[%clk
00:02:05]} {[%emt 00:11:01]} 22. Rad1 {[%clk 00:13:34]} {[%emt 00:02:06]} Qc6
{[%clk 00:00:38]} {[%emt 00:01:59]} 23. Bf3 {[%clk 00:11:17]} {[%emt 00:02:50]}
Bb7 {[%clk 00:00:40]} {[%emt 00:00:29]} 24. Qe7 {[%clk 00:06:49]} {[%emt
00:05:04]} Ra8 {[%clk 00:00:31]} {[%emt 00:00:43]} 25. h4 {[%clk 00:06:16]}
{[%emt 00:01:03]} e4 {[%clk 00:00:38]} {[%emt 00:00:24]} 26. Rxd7 {[%clk
00:06:12]} {[%emt 00:00:35]} Rxd7 {[%clk 00:00:38]} {[%emt 00:00:32]} 27. Rxd7
{[%clk 00:06:36]} {[%emt 00:00:06]} Ra1+ {[%clk 00:00:36]} {[%emt 00:00:33]}
28. Kh2 {[%clk 00:06:17]} {[%emt 00:00:49]} Qxd7 {[%clk 00:00:42]} {[%emt
00:00:25]} 29. Qxd7 {[%clk 00:06:42]} {[%emt 00:00:05]} exf3 {[%clk 00:01:08]}
{[%emt 00:00:05]} 30. Qxb7 {[%clk 00:07:06]} {[%emt 00:00:05]} 1-0

[Event "DEM U16 2025"]
[Site "Willingen GER"]
[Date "2025.06.08"]
[Round "1"]
[White "Lu, Yunong Elias"]
[Black "Malinowsky, Levi"]
[Result "1/2-1/2"]
[Termination "normal"]
[Board "5"]
[BlackTitle "CM"]
[WhiteElo "2072"]
[BlackElo "2193"]
[WhiteClock "00:00:36"]
[BlackClock "00:08:52"]
[PlyCount "60"]
[WhiteFideId "16276426"]
[BlackFideId "16253094"]
[EventCountry "GER"]
[EventRounds "9"]
[EventType "swiss"]
[EventDate "2025.06.07"]

1. e4 {[%clk 01:30:51]} {[%emt 00:00:02]} c5 {[%clk 01:30:55]} {[%emt
00:00:11]} 2. Nf3 {[%clk 01:31:04]} {[%emt 00:00:17]} d6 {[%clk 01:31:10]}
{[%emt 00:00:16]} 3. Bb5+ {[%clk 01:31:26]} {[%emt 00:00:08]} Nd7 {[%clk
01:31:26]} {[%emt 00:00:14]} 4. c4 {[%clk 01:31:49]} {[%emt 00:00:07]} Ngf6
{[%clk 01:31:29]} {[%emt 00:00:27]} 5. Nc3 {[%clk 01:32:08]} {[%emt 00:00:12]}
g6 {[%clk 01:31:33]} {[%emt 00:00:25]} 6. O-O {[%clk 01:32:28]} {[%emt
00:00:10]} Bg7 {[%clk 01:31:38]} {[%emt 00:00:25]} 7. d4 {[%clk 01:32:48]}
{[%emt 00:00:10]} cxd4 {[%clk 01:31:59]} {[%emt 00:00:10]} 8. Nxd4 {[%clk
01:33:11]} {[%emt 00:00:07]} O-O {[%clk 01:31:55]} {[%emt 00:00:33]} 9. Bxd7
{[%clk 01:33:37]} {[%emt 00:00:04]} Bxd7 {[%clk 01:32:17]} {[%emt 00:00:08]}
10. b3 {[%clk 01:33:58]} {[%emt 00:00:10]} a6 {[%clk 01:31:48]} {[%emt
00:00:59]} 11. Bb2 {[%clk 01:30:13]} {[%emt 00:04:15]} b5 {[%clk 01:28:01]}
{[%emt 00:04:17]} 12. cxb5 {[%clk 01:25:38]} {[%emt 00:05:05]} axb5 {[%clk
01:27:53]} {[%emt 00:00:38]} 13. Ndxb5 {[%clk 01:08:11]} {[%emt 00:17:57]} Nxe4
{[%clk 01:22:43]} {[%emt 00:05:40]} 14. Nd4 {[%clk 01:06:22]} {[%emt 00:02:18]}
Nf6 {[%clk 01:15:40]} {[%emt 00:07:33]} 15. Re1 {[%clk 01:00:34]} {[%emt
00:06:18]} Re8 {[%clk 01:11:30]} {[%emt 00:04:40]} 16. a4 {[%clk 00:49:53]}
{[%emt 00:11:10]} Qb6 {[%clk 01:06:40]} {[%emt 00:05:22]} 17. Ndb5 {[%clk
00:38:42]} {[%emt 00:11:41]} Bc6 {[%clk 01:00:29]} {[%emt 00:06:41]} 18. Rb1
{[%clk 00:17:36]} {[%emt 00:21:35]} h5 {[%clk 00:52:14]} {[%emt 00:08:45]} 19.
h3 {[%clk 00:09:33]} {[%emt 00:08:33]} Qb7 {[%clk 00:44:11]} {[%emt 00:08:33]}
20. f3 {[%clk 00:08:22]} {[%emt 00:01:41]} d5 {[%clk 00:41:42]} {[%emt
00:02:59]} 21. Kh1 {[%clk 00:07:30]} {[%emt 00:01:22]} Qd7 {[%clk 00:26:35]}
{[%emt 00:15:38]} 22. Nd4 {[%clk 00:02:09]} {[%emt 00:05:50]} Bb7 {[%clk
00:25:32]} {[%emt 00:01:33]} 23. b4 {[%clk 00:02:14]} {[%emt 00:00:25]} Rad8
{[%clk 00:18:21]} {[%emt 00:07:41]} 24. Nb3 {[%clk 00:01:31]} {[%emt 00:01:13]}
Ba8 {[%clk 00:17:53]} {[%emt 00:00:58]} 25. Nc5 {[%clk 00:01:46]} {[%emt
00:00:15]} Qf5 {[%clk 00:18:16]} {[%emt 00:00:07]} 26. Nb5 {[%clk 00:01:06]}
{[%emt 00:01:10]} e5 {[%clk 00:12:56]} {[%emt 00:05:50]} 27. Nc7 {[%clk
00:00:56]} {[%emt 00:00:40]} Re7 {[%clk 00:12:52]} {[%emt 00:00:34]} 28. Nxa8
{[%clk 00:01:19]} {[%emt 00:00:08]} Rxa8 {[%clk 00:13:20]} {[%emt 00:00:01]}
29. b5 {[%clk 00:01:11]} {[%emt 00:00:38]} Rc8 {[%clk 00:11:38]} {[%emt
00:02:12]} 30. b6 {[%clk 00:00:36]} {[%emt 00:01:05]} Nd7 {[%clk 00:08:52]}
{[%emt 00:03:15]} 1/2-1/2